000 00308nam a22001337a 4500
008 180921b xxu||||| |||| 00| 0 eng d
020 _a9780130175731
041 _aeng
080 _23rd
_a159.9
100 _a48
101 _aPSI
245 _aA history of modern psychology
_cLeahey,Th.H
942 _2udc
_cBK
999 _c48208
_d48208